[Event "Marburg op-A"]
[Site "Marburg"]
[Date "2023.10.29"]
[Round "6"]
[White "Gerstmayr, Christoph"]
[Black "Hassler, Rolf"]
[Result "1-0"]
[WhiteElo "2048"]
[BlackElo "1692"]
[PlyCount "63"]
[EventDate "2023.10.26"]
[EventType "swiss"]
[EventRounds "7"]
[EventCountry "GER"]
[SourceTitle "CB49_2023"]
[SourceDate "2023.12.06"]
[SourceVersion "1"]
[SourceVersionDate "2023.12.06"]
[SourceQuality "1"]

1. e4 e6 2. d4 d5 3. exd5 exd5 4. Bd3 Bd6 5. Nc3 c6 6. Nge2 Ne7 7. Bg5 f6 8. Bh4 Bg4 9. f3 Bh5 10. Qd2 g5 11. Bg3 Bg6 12. h4 Bxg3+ 13. Nxg3 Qd6 14. Nce2 gxh4 15. Rxh4 Nd7 16. 0-0-0 0-0-0 17. Rdh1 Nf8 18. c3 Bxd3 19. Qxd3 Neg6 20. Rg4 Kb8 21. f4 a6 22. f5 Ne7 23. Qf3 c5 24. dxc5 Qxc5 25. Qf4+ Ka8 26. Nd4 Rd6 27. Re1 Nc6 28. Nb3 Qc4 29. Qxd6 Qxg4 30. Re8+ Ka7 31. Qc5+ b6 32. Qxc6 1-0

[Event "Moehnesee Cup-B"]
[Site "Moehnesee"]
[Date "2005.08.20"]
[Round "5"]
[White "Gerstmayr, Christoph"]
[Black "Krueger, Tim"]
[Result "1/2-1/2"]
[WhiteElo "1738"]
[BlackElo "1666"]
[PlyCount "106"]
[EventDate "2005.08.18"]
[EventType "swiss"]
[EventRounds "7"]
[EventCountry "GER"]
[SourceTitle "CBM 108 Extra"]
[Source "ChessBase"]
[SourceDate "2005.11.04"]
[SourceVersion "1"]
[SourceVersionDate "2005.11.04"]
[SourceQuality "1"]

1. d4 Nf6 2. c4 e5 3. d5 Bc5 4. Nc3 d6 5. e3 0-0 6. Bd3 Re8 7. Nge2 c6 8. Ng3 Bb4 9. Bd2 c5 10. Qc2 Bd7 11. f3 Na6 12. a3 Bxc3 13. Bxc3 Nc7 14. Nf5 e4 15. fxe4 Bxf5 16. Bxf6 Qxf6 17. Rf1 Qh6 18. Rxf5 Qxe3+ 19. Kf1 Qh6 20. Kg1 f6 21. Raf1 Qe3+ 22. Kh1 Re5 23. R5f3 Qh6 24. h3 Rf8 25. Qf2 Ne8 26. Kh2 Rf7 27. b4 b6 28. Rb1 g5 29. g4 Qg6 30. bxc5 dxc5 31. Rf1 Kg7 32. Qg3 Nd6 33. Rxf6 Qxf6 34. Rxf6 Kxf6 35. h4 h6 36. h5 Rfe7 37. Kg2 Kg7 38. Qe3 Nxe4 39. Bxe4 Rxe4 40. Qc3+ R7e5 41. Kf3 Kg8 42. Qc2 Rf4+ 43. Kg3 Ree4 44. d6 Rxg4+ 45. Kh3 Rh4+ 46. Kg3 Rhg4+ 47. Kh3 Kf7 48. d7 Ke7 49. Qd3 Rh4+ 50. Kg2 Reg4+ 51. Kf2 Rf4+ 52. Ke2 Re4+ 53. Kf2 Ref4+ 1/2-1/2

[Event "Hochsauerland-ch U18/20"]
[Site "Winterberg"]
[Date "2002.01.04"]
[Round "5"]
[White "Cramer, Nicolas"]
[Black "Gerstmayr, Christoph"]
[Result "0-1"]
[WhiteElo "1188"]
[BlackElo "1603"]
[PlyCount "44"]
[EventDate "2002.01.02"]
[EventType "swiss"]
[EventRounds "5"]
[EventCountry "GER"]
[SourceTitle "EXT 2005"]
[Source "ChessBase"]
[SourceDate "2004.11.15"]
[SourceVersion "1"]
[SourceVersionDate "2004.11.15"]
[SourceQuality "1"]

1. e4 c5 2. d3 g6 3. Ne2 Bg7 4. g3 d6 5. Bg2 Nc6 6. 0-0 h5 7. Nbc3 h4 8. gxh4 Rxh4 9. Bg5 Rh8 10. Nd5 Bg4 11. c3 Qd7 12. Qa4 Bxe2 13. Rfe1 Bg4 14. Nb6 Qd8 15. Nxa8 Qxa8 16. e5 Bxe5 17. Bxc6+ bxc6 18. Be3 Bxh2+ 19. Kf1 Bf3 20. Bd4 cxd4 21. Qxd4 Be5 22. Rxe5 Rh1# 0-1

[Event "Hochsauerland-ch U18/20"]
[Site "Winterberg"]
[Date "2002.01.04"]
[Round "4"]
[White "Gerstmayr, Christoph"]
[Black "Wrede, Stefan"]
[Result "0-1"]
[WhiteElo "1603"]
[BlackElo "1977"]
[PlyCount "30"]
[EventDate "2002.01.02"]
[EventType "swiss"]
[EventRounds "5"]
[EventCountry "GER"]
[SourceTitle "EXT 2005"]
[Source "ChessBase"]
[SourceDate "2004.11.15"]
[SourceVersion "1"]
[SourceVersionDate "2004.11.15"]
[SourceQuality "1"]

1. e4 e6 2. d4 d5 3. exd5 exd5 4. c3 c5 5. Bf4 Nc6 6. dxc5 Bxc5 7. Bd3 Nf6 8. Nf3 0-0 9. 0-0 Bg4 10. Bg5 Re8 11. Bh4 d4 12. h3 dxc3 13. Nxc3 Bxf3 14. gxf3 Qc7 15. Bxf6 Qg3+ 0-1

[Event "Hochsauerland-ch U18/20"]
[Site "Winterberg"]
[Date "2002.01.03"]
[Round "2"]
[White "Blocks, Gerold"]
[Black "Gerstmayr, Christoph"]
[Result "1-0"]
[WhiteElo "1625"]
[BlackElo "1603"]
[PlyCount "63"]
[EventDate "2002.01.02"]
[EventType "swiss"]
[EventRounds "5"]
[EventCountry "GER"]
[SourceTitle "EXT 2005"]
[Source "ChessBase"]
[SourceDate "2004.11.15"]
[SourceVersion "1"]
[SourceVersionDate "2004.11.15"]
[SourceQuality "1"]

1. c4 e5 2. g3 Nf6 3. Bg2 c6 4. e4 Bc5 5. Nc3 d6 6. Nge2 Be6 7. b3 Qd7 8. 0-0 Bh3 9. d4 Bxg2 10. Kxg2 exd4 11. Nxd4 0-0 12. Nf5 Nxe4 13. Nxe4 Qxf5 14. Nxd6 Bxd6 15. Qxd6 Na6 16. Be3 Qe4+ 17. Kg1 Rfd8 18. Qa3 Qg4 19. Qa5 h6 20. Bxa7 Rd7 21. Be3 Re8 22. Qc3 Qf3 23. b4 Red8 24. b5 cxb5 25. cxb5 Nc7 26. Qb2 Ne6 27. a4 Nd4 28. Bxd4 Rxd4 29. a5 R8d5 30. a6 Rh4 31. Ra3 Qg4 32. f3 1-0